000
00308nam a2200133Ia 4500
005
20251222175919.0
008
251222s9999||||xx |||||||||||||| ||spa||
082
_a
657/Z55/2013
100
_a
Zeballos Zeballos, Erly
245
0
_a
Contabilidad General
250
_a
10a.ed.
264
_b
Juve
942
_c
LIB
999
_c
40594
_d
40594